01612cam a22004454i 4500003000900000005001700009008004100026020002100067035001900088040003300107082002100140100003300161245006300194264003900257336002100296337002500317338002300342505061300365526001000978526001000988526001000998526001001008526001001018526000901028526000901037526000901046526000901055526000901064526000901073526000901082526000901091526000901100526000901109526000801118526000801126526000801134526000801142526000801150526000801158PE-LiUPU20250731170436.0150625s r 000 0 d a9684261381q1981 a(Sirsi) a31769 aPE-LiUPUbspacPE-LiUPUerda04a155.413bC592211 aClarizio, Harvey F.,eautor.10aTrastornos de la conducta en el niño /cHarvey Clarizio. 1aMéxico :bManual moderno,c1970. atext2rdacontent aunmediated2rdamedia avolume2rdacarrier0 aConsideraciones de desarrollo: Normalidad, Problemas comunes de crecimiento, Diagnostico e incidencia de los desajustes. - Transtronos conductuales en los niños: Relaciones compulsivas, obsesivas y fobicas de los niños, Reacciones compulsivas, Incapacidades de aprendizaje, Subnormalidad mental, Niños con deficiencias culturales, Delincuencia juvenil, Psicosis infantiles. - Estrategias de intervención y prevención: Metodos de tratamiento de los niños, Recursos de intervención para ñla comunidad, Manejo de problemas conductuales en las aulas, Prevención de los transtornos conductuales. aSEG68 aSEG70 aSEG69 aSEG67 aSEG43 aP144 aP143 aP131 aP122 aP120 aP117 aP112 aP110 aP106 aP101 aP80 aP59 aP54 aP35 aP33 aP30